01218nam a22003257a 4500001001300000003000900013005001700022007000300039008003400042040005400076041001500130072000800145090002100153110006900174110005400243245016200297260003500459300001000494500001300504650002500517650003200542650003400574650001500608650003300623650002000656909003600676942000700712999001700719952015600736BR2011007552BR-BrBNA20230928103820.0ta230509b bl.||||| |||| 00| 0 por d aBR-BrBNAbporcBiblioteca Nacional de Agricultura a(Eng, Spa) aE14  E14 BR20110075521 aInstituto Nacional de Inovação Agrária, Lima, (Peru)964851 aEMBRAPA Amazônia Oriental, Belém, PA (Brasil)1 aIniciativa Amazônica: sumando fortalezas para el desarrollo sostenible en la Amazonía; combining strengths for the sustainable development in the Amazon 3 aBelém, PA (Brasil): c2002.  a13 p. a13 illus aREGIÃO AMAZÔNICA aPRESERVAÇÃO DA NATUREZA aDESENVOLVIMENTO SUSTENTÁVEL aPROFILAXIA aCOOPERAÇÃO INTERNACIONAL aNÍVEL DE VIDA a202309bLuciac55dLucia Elande cBK c76769d76769 002AGRIS40708AGROBASEa41918b41918l0o E14 BR2011007552pE14 BR2011007552r2023-09-25t01yBK10d2023-09-25ePortaria Interministerial nº 164/94